Murderock (Lp Cia 5061) (Record no. 103311)

MARC details
000 -LEADER
fixed length control field 01336njm a2200313Ia 4500
001 - CONTROL NUMBER
control field 69019
003 - CONTROL NUMBER IDENTIFIER
control field IT-RoPAU
005 - DATE AND TIME OF LATEST TRANSACTION
control field 20220918181204.0
008 - FIXED-LENGTH DATA ELEMENTS--GENERAL INFORMATION
fixed length control field 131025s9999 xx 000 0 und d
040 ## - CATALOGING SOURCE
Original cataloging agency IT-RoPAU
040 ## - CATALOGING SOURCE
Transcribing agency IT-RoPAU
999 ## - SYSTEM CONTROL NUMBERS (KOHA)
Koha Dewey Subclass [OBSOLETE] n.d.
100 ## - MAIN ENTRY--PERSONAL NAME
Personal name Emerson Keith
9 (RLIN) 998
100 ## - MAIN ENTRY--PERSONAL NAME
Relator term Autore musica
9 (RLIN) 23910
100 ## - MAIN ENTRY--PERSONAL NAME
Miscellaneous information Codice autore musica SPICS: 10877
9 (RLIN) 1000
245 ## - TITLE STATEMENT
Title Murderock (Lp Cia 5061)
250 ## - EDITION STATEMENT
Edition statement 1a ed.
260 ## - PUBLICATION, DISTRIBUTION, ETC. (IMPRINT)
Place of publication, distribution, etc. ITALIA
260 ## - PUBLICATION, DISTRIBUTION, ETC. (IMPRINT)
Name of publisher, distributor, etc. CINEVOX RECORD
Date of publication, distribution, etc. 1988 [1a Ed.:1988 - Ed. Lingua Orig.: 1988]
300 ## - PHYSICAL DESCRIPTION
Extent DISCO
300 ## - PHYSICAL DESCRIPTION
Dimensions 30 minuti (Testo: 0 pag.)
500 ## - GENERAL NOTE
General note Colonna sonora. Musiche da film. Cinquant'anni di cinema con le più famose colonne sonore stereofoniche
505 ## - FORMATTED CONTENTS NOTE
Formatted contents note Prelude To Candice - Don't Go In the Shower - Coffee Time - Candice - New York Dash - Tonight Is Not Your Night - The Spillone - Murderock - Tonight Is Your Night (4:00) - Streets To Blame (3:00) - Not So Innocent (4:00)
511 ## - PARTICIPANT OR PERFORMER NOTE
Participant or performer note Chanter Doreen, Sheppard Mike, Emerson Keith
650 ## - SUBJECT ADDED ENTRY--TOPICAL TERM
Topical term or geographic name as entry element COLONNA SONORA [DISCHI]
Relator term Codice MATERIA SPICS: 9950
9 (RLIN) 23911
700 ## - ADDED ENTRY--PERSONAL NAME
Personal name Emerson Keith
Miscellaneous information Codice interprete SPICS: 10877
Relator term Interprete
9 (RLIN) 23912
700 ## - ADDED ENTRY--PERSONAL NAME
Personal name Chanter Doreen
Miscellaneous information Codice autore SPICS: 23740
Relator term Autore
Name of part/section of a work Tonight Is Your Night - Streets To Blame - Not So Innocent
9 (RLIN) 23913
942 ## - ADDED ENTRY ELEMENTS (KOHA)
Koha item type DISCHI
Source of classification or shelving scheme Dewey Decimal Classification
Holdings
Withdrawn status Lost status Damaged status Not for loan Home library Current library Date acquired Total Checkouts Full call number Date last seen Price effective from Koha item type Public note
    Buone Condizioni Not For Loan SPICS-MEDIATECA SPICS-MEDIATECA 25/10/2013   69019 25/10/2013 25/10/2013 DISCHI Progr. Ins.: 16525 / N.Vol.: 1 / Copie: 1 - Copia rara: n.d. / date import: 01.01.2014 - By Epidotti, Trombetti, Vaglietti
CREDITS: SOCIETA' SAN PAOLO Via A.Severo, 58 - ROMA (RM) & PERIODICI SAN PAOLO SRL Via Giotto, 36 MILANO & CISF Via Giotto, 36 MILANO & EDIZIONI SAN PAOLO SRL,  Piazza Soncino, 5 CINISELLO BALSAMO (MI) -- ITALY